Office management

محفوظ في:
التفاصيل البيبلوغرافية
المؤلف الرئيسي: Chopra. R.K
التنسيق: كتاب
منشور في: New Delhi: Himalaya Publishing House, 2017.
الطبعة:17ed. rev
سلاسل:I. Office organization
الموضوعات:
الوسوم: إضافة وسم
لا توجد وسوم, كن أول من يضع وسما على هذه التسجيلة!

MARC

LEADER 00000nam a22000007a 4500
005 20260327080915.0
020 |a 9789350974568  |c TSH 10,000/= 
040 |a MCC  |b eng  |e AACR 2nd ed. 
082 |a 651.3 CHO 
100 |a Chopra. R.K 
245 |a Office management  |c R.K Chopra and Priyanka Gauri 
250 |a 17ed. rev 
260 |a New Delhi:  |b Himalaya Publishing House,  |c 2017. 
300 |a 512p,  |b ill.;  |c 20 cm. 
440 |a I. Office organization 
504 |a includes index 
650 |a Office management 
650 |a Office organisation 
650 |a Office accommodation 
942 |c BK 
999 |c 12545  |d 12545